20 let Dukly Praha : příspěvek k dějinám tělovýchovy a sportu v Československé lidové armádě /

Korporativní autor: Česko. Armádní sportovní centrum Dukla
Další autoři: Mohorita, Ivan
Jazyk: Čeština
Vydáno: Praha : Naše vojsko, 1968
Vydání: 1. vyd.
Fyzický popis: 374 s. ; 8°
Knihy
Uloženo v:
LEADER 00915nam a22002772a 4500
001 001326330
003 CZ BrMZK
005 20131003090609.0
007 ta
008 130913s1968 xr er|||||||||||cze d
015 |a cnb000424012 
035 |a (OCoLC)85220047 
040 |a ABA001  |b cze  |d ABA001  |d BOA001 
080 9 |a 796(437)(091) 
245 0 0 |a 20 let Dukly Praha :  |b příspěvek k dějinám tělovýchovy a sportu v Československé lidové armádě /  |c zpracoval Ivan Mohorita ... [et al.] 
246 3 0 |a Dvacet let Dukly Praha 
250 |a 1. vyd. 
260 |a Praha :  |b Naše vojsko,  |c 1968 
300 |a 374 s. ;  |c 8° 
504 |a Obsahuje bibliografii 
700 1 |a Mohorita, Ivan  |4 edt 
710 1 |a Česko.  |b Armádní sportovní centrum Dukla  |7 xx0016131 
910 |a BOA001  |b 2-0615.382 
990 |a BK 
991 |b 201309 
996 7 |b 2619682305  |c 2-0615.382  |l HP2  |r DEN  |n 0  |w 001361347  |u 000010  |a 1  |e BOA001  |j MZK50  |s A